История России, Учебник для студентов вузов
| מחברים אחרים: | , , , , , , , , , |
|---|---|
| סיכום: | Книга находится в премиум-версии платформы «Русский как иностранный». В соответствии с российской историографией исторические события, процессы и явления рассматриваются по важнейшим хронологическим периодам: Киевская Русь, феодальная раздробленность и монголо-татарское иго, формирование единого централизованного государства в XV—XVII вв., развитие России в период абсолютной монархии XVIII—XIX вв., Россия в ХХ — начале XXI в. Учебник отличает полнота анализа отечественной истории — авторы рассматривают в комплексе экономику, политику и культуру страны. Новое издание значительно переработано и дополнено новыми фактами из российской истории. Для студентов вузов, колледжей, а также широкого круга читателей. Лицензия до 10.12.2026 |
| יצא לאור: |
Москва, ЮНИТИ-ДАНА, 2023
|
| מהדורה: | История России |
| נושאים: | |
| גישה מקוונת: | Перейти к просмотру издания |
| פורמט: | אלקטרוני |
MARC
| LEADER | 00000 a2200000 4500 | ||
|---|---|---|---|
| 001 | RU/ROS-EDU.RU/141391 | ||
| 856 | 4 | |u https://www.ros-edu.ru/book?id=141391 |z Перейти к просмотру издания | |
| 010 | |a 978-5-238-01639-9 | ||
| 205 | |a История России |b 2026-12-10 | ||
| 333 | |a Лицензия до 10.12.2026 | ||
| 100 | |a 20230101d2023 |||y0rusy0250 |s 2026-12-10 | ||
| 105 | |a y z 000zy | ||
| 101 | 0 | |a rus | |
| 102 | |a RU | ||
| 200 | 1 | |a История России |b Электронный ресурс |e Учебник для студентов вузов |f Ф. О. Айсина [и др.] |g ред. Г. Б. Поляка | |
| 701 | 1 | |b Ф. О. |a Айсина |4 070 | |
| 701 | 1 | |b С. Д. |a Бородина |4 070 | |
| 701 | 1 | |b Н. О. |a Воскресенская |4 070 | |
| 701 | 1 | |b А. С. |a Квасов |4 070 | |
| 701 | 1 | |b Н. С. |a Кривцова |4 070 | |
| 701 | 1 | |b А. Н. |a Маркова |4 070 | |
| 701 | 1 | |b Е. М. |a Мурашова |4 070 | |
| 701 | 1 | |b Г. Б. |a Поляк |4 070 | |
| 701 | 1 | |b Р. М. |a Черных |4 070 | |
| 702 | 1 | |b Г. Б. |a Поляка |4 340 | |
| 330 | |a В соответствии с российской историографией исторические события, процессы и явления рассматриваются по важнейшим хронологическим периодам: Киевская Русь, феодальная раздробленность и монголо-татарское иго, формирование единого централизованного государства в XV—XVII вв., развитие России в период абсолютной монархии XVIII—XIX вв., Россия в ХХ — начале XXI в. Учебник отличает полнота анализа отечественной истории — авторы рассматривают в комплексе экономику, политику и культуру страны. Новое издание значительно переработано и дополнено новыми фактами из российской истории. Для студентов вузов, колледжей, а также широкого круга читателей. | ||
| 210 | |a Москва |c ЮНИТИ-ДАНА |d 2023 | ||
| 610 | 1 | |a история | |
| 610 | 1 | |a Киевская Русь | |
| 610 | 1 | |a Российская империя | |
| 610 | 1 | |a СССР | |
| 610 | 1 | |a ВОВ | |
| 610 | 1 | |a Россия | |
| 675 | |a 94 | ||
| 686 | |a 63.3 |2 rubbk | ||
| 300 | |a Книга находится в премиум-версии платформы «Русский как иностранный». | ||
| 215 | |a 686 с. | ||